Statistics for Name capitals that start with letters ma

Click here to take the quiz!

General Stats

  • This quiz has been taken 33 times
  • The average score is 7 of 9

Answer Stats

capitals starting with letters ma% Correct
Madrid
93%
Maputo
93%
Manila
80%
Managua
77%
Manama
77%
Malabo
73%
Male
73%
Majuro
70%
Maseru
60%

Score Distribution

Percentile by Number Answered

Percent of People with Each Score

Your Score History

You have not taken this quiz